Normal view
MARC view
- BURGHARDT, HENRY D,ANDERSON, JAMES,AXELROD, AARON
Entry Personal Name
001 - CONTROL NUMBER
- control field: 67777
003 - CONTROL NUMBER IDENTIFIER
- control field: NUST
005 - DATE AND TIME OF LATEST TRANSACTION
- control field: 20210628203912.0
008 - FIXED-LENGTH DATA ELEMENTS
- fixed length control field: 210628|| aca||aabn | a|a d
040 ## - CATALOGING SOURCE
- Original cataloging agency: NUST
- Transcribing agency: NUST
100 ## - HEADING--PERSONAL NAME
- Personal name: BURGHARDT, HENRY D,ANDERSON, JAMES,AXELROD, AARON
670 ## - SOURCE DATA FOUND
- Source citation: Work cat.: (NUST): BURGHARDT, HENRY D,ANDERSON, JAMES,AXELROD, AARON, MACHINE TOOL OPERATION PART-1 SAFETY MEASURING TOOLS BENCH WORK THE DRILL THE LATHE FORGE WORK, 1959
